00543nam a2200145 a 450000500170000000800410001702000180005805000270007610000200010324500860012326000540020930000170026352000890028065000280036920140412111232.0010522s19uu xx 00 eng d a0-590-37523-7 aTR(GS 371.3bR817 1998 aRozakis, Laurie a101 fresh & fun: critical-thinking activities :bgrades 1-3 /cby Laurie Rozakis. aNew York :bScholastic Professional Books,c1998. a128p. ; ill, aEngaging reproducibles and activities to develop kids' higher-level thinking skills. aReproducible activities